000 00514nam a22001817a 4500
999 _c40630
_d40630
003 OSt
005 20210127121328.0
008 191016b ||||| |||| 00| 0 eng d
020 _a9789386385055
040 _coclc
082 _a153.43
_bSIN/R
100 _aSingh, K P
_98456
245 _aReasoning Verbal & Non - Verbal /
_cK P Singh ; P Singh
260 _aNew Delhi:
_bSource Books,
_c2019.
300 _a880p
700 _aSingh,P
942 _2ddc
_cREF
_h153.43
_iSIN/R
_k153.43
_mSIN/R